Informaiton sources on the meat processing industr (Record no. 636957)
[ view plain ]
| 000 -LEADER | |
|---|---|
| fixed length control field | 00823nam a2200253Ia 4500 |
| 003 - CONTROL NUMBER IDENTIFIER | |
| control field | OSt |
| 005 - DATE AND TIME OF LATEST TRANSACTION | |
| control field | 20220926021513.0 |
| 008 - FIXED-LENGTH DATA ELEMENTS--GENERAL INFORMATION | |
| fixed length control field | 220923b |||||||| |||| 00| 0 eng d |
| 037 ## - SOURCE OF ACQUISITION | |
| Terms of availability | General Book |
| 040 ## - CATALOGING SOURCE | |
| Original cataloging agency | RTL |
| Transcribing agency | RTL |
| Language of cataloging | eng |
| 041 ## - LANGUAGE CODE | |
| Source of code | eng |
| Language code of text/sound track or separate title | eng |
| 110 ## - MAIN ENTRY--CORPORATE NAME | |
| Corporate name or jurisdiction name as entry element | United Nations Industrial Development Organizaiton |
| 9 (RLIN) | 326303 |
| 245 #0 - TITLE STATEMENT | |
| Title | Informaiton sources on the meat processing industr |
| 260 ## - PUBLICATION, DISTRIBUTION, ETC. | |
| Place of publication, distribution, etc. | New York |
| Name of publisher, distributor, etc. | United Naitons USA |
| Date of publication, distribution, etc. | 1976 |
| 300 ## - PHYSICAL DESCRIPTION | |
| Extent | xii, 88p. Bib p. 86-88 |
| Dimensions | cm. |
| 490 ## - SERIES STATEMENT | |
| Series statement | its gudies to informaiton sources ,1 |
| 650 ## - SUBJECT ADDED ENTRY--TOPICAL TERM | |
| Topical term or geographic name entry element | Library Sicence |
| 9 (RLIN) | 231926 |
| 700 ## - ADDED ENTRY--PERSONAL NAME | |
| Personal name | United Nations Industrial Development Organizaiton |
| 9 (RLIN) | 326304 |
| 942 ## - ADDED ENTRY ELEMENTS (KOHA) | |
| Classification part | 24(X9(K33))g, L6 |
| Koha item type | General Books |
| Source of classification or shelving scheme | Colon Classification (CC) |
| Withdrawn status | Lost status | Damaged status | Not for loan | Home library | Current library | Date acquired | Total Checkouts | Full call number | Barcode | Date last seen | Price effective from | Koha item type |
|---|---|---|---|---|---|---|---|---|---|---|---|---|
| Ratan Tata Library | Ratan Tata Library | 2022-09-26 | 24(X9(K33))g L6 | RT0626366 | 2022-09-26 | 2022-09-26 | General Books |
